000 00609nam a22001935i 4500
001 165304
003 ES-MaACL
005 20250716062537.0
008 050906m18891893xxk | |||||||| ||eng d
040 _aCAM
_bspa
_cCAM
100 1 _aShakespeare, William,
_d1564-1616
_9105992
245 1 4 _aThe works of William Shakspere /
_cedited by Charles Knight.
260 _aLondon :
_bGeorge Routledge & Sons,
_c1889-1893.
300 _a3 v. ;
_c21 cm.
596 _aT. I. 1893 y T. II-III. 1889.
700 1 _aKnight, Charles.
_9128475
852 _aES-MaACL
_jG-13208-10
_z-- Enc. tela
999 _c165304
_d165304